நுண்ணறிவு தரம் 4, தரம் 5 = Nunnarivu : புலமைப்பரிசில் பரீட்சைக்குத்தயாராகும் தரம் 4, தரம் 5 மாணவர்களுக்கான1000 ற்கும் மேற்பட்ட வினாக்களின் தொகுப்பு தரம் 4, 5 /
Nunnriuv : pulamaipparisils manavarkaluakkanahu...
Saved in:
| Format: | Book |
|---|---|
| Language: | English |
| Published: |
கொழும்பு :
யுனிலங்கா பப்ளிகேஷன்,
[2025?.
|
| Tags: |
Add Tag
No Tags, Be the first to tag this record!
|
MARC
| LEADER | 00000nam a2200000 4500 | ||
|---|---|---|---|
| 003 | LK-CoNLD | ||
| 005 | 20251219124936.0 | ||
| 008 | 251219b xxu||||| |||| 00| 0 eng d | ||
| 017 | |b LK-CoDNA | ||
| 020 | |a 9789553964441 | ||
| 040 | |a LK-CoNLD |b TAM |c LK-CoNLD |d LK-CoNLD | ||
| 082 | |2 23 |q LK-CoNLD |a 375.19 | ||
| 245 | |6 880-1 |a நுண்ணறிவு தரம் 4, தரம் 5 = Nunnarivu : |b புலமைப்பரிசில் பரீட்சைக்குத்தயாராகும் தரம் 4, தரம் 5 மாணவர்களுக்கான1000 ற்கும் மேற்பட்ட வினாக்களின் தொகுப்பு தரம் 4, 5 / |c எம். சுகந்தன். | ||
| 260 | |a கொழும்பு : |b யுனிலங்கா பப்ளிகேஷன், |c [2025?. | ||
| 300 | |a ப. iv, 230 ; | ||
| 500 | |a இலங்கையில் பொது நுண்ணறிவுக்கென வௌியிடப்படும் முதற்தர தமிழ்மொழி மூல நூல். | ||
| 880 | |6 245-1 |a Nunnriuv : pulamaipparisils manavarkaluakkanahu... | ||
| 942 | |c BOOK | ||
| 945 | |a 22 |b Logeshwary RAMASAMY |c 22 |d Logeshwary RAMASAMY | ||
| 999 | |c 295719 |d 295719 | ||